LDR 00906naa#a2200193#i#450# 001 RU\\bibl\120638 005 20260516180640.6 011 ## _a2587-6740 100 ## _a20260415b2026####ek#y0rusy0150####ca 102 ## _aRU 200 1# _aФинансирование сельскохозяйственных проектов международными банками развития: проблемы и перспективы _eЖурнальная статья 210 1# _aМосква _cЭлектронная наука _d2026 215 ## _a5 с. 608 ## _aЖурнальная статья _2local 675 ## _aФинансирование сельского хозяйства. 338.434 _z 700 #1 _aМедведева _gМарина Борисовна 700 #1 _aЦвирко _gСветлана Эдуардовна 700 #1 _aТрушина _gКсения Владимировна 856 4# _astolypinvestnik.ru _u